MDQL
is popping MORE tags! Check the
thread
!
Quizzes
Events
Quiz Creation
Community
Videos
Private Events
Remove Ads
Sign In
Join for FREE
Feedback
Dark Mode
Quiz Categories
Sports
Geography
Music
Movies
Television
Just For Fun
Miscellaneous
History
Literature
Language
Science
Gaming
Entertainment
Religion
Holiday
For Kids
Quiz Lab
Recent
Popular Today
Quiz Kudos Today
Editor Picks
Curator Picks
Quizzes by...
Day
Popularity
Type
Ratings
Length
Year
Community
Subscriptions
Recent Discussions
Orange Saloon
Badges
Playlists
Quests
Create
Leaderboards
Showdown
Live 5
Trivia Bingo
Activity
Puzzle Library
Sporcle Events
Private Events
Virtual Trivia
Globe League
Become a Host
Pub Owners
SporcleCon
Opinionation
Our Games
Videos
Blog
Mobile Apps
Partnerships
Remove Ads and Go Orange
Feedback
Language
Vocabulary
Begins and Ends
Definition
Spanish
French
German
Italian
Chinese
Latin
Translation
Japanese
Language
Vocabulary
Begins and Ends
Definition
Spanish
French
German
Italian
Chinese
Latin
Translation
Japanese
Random Quiz
Search Sporcle
×
Quiz Lab
Quiz Lab
Language
French
Type in answers that appear in a list
Type in answers that appear in a list
Classic
Best Score? Go Orange.
French Work and Employment Words Stats
Can you name the French Work and Employment Words ?
By
NiallMcS
15m
89 Questions
19 Plays
19 Plays
19 Plays
Comments
Comments
Give Quiz Kudos
Give Quiz Kudos
-
- Ratings
hide this ad
Forced Order
Answers have to be entered in order
Answers have to be entered in order
Random Order
Randomize order of answers
Randomize order of answers
Replay
Link that replays current quiz
Next Quiz
Link to next quiz in quiz playlist
You Got
0%
They Got
Avg Score
48%
Avg Friend Score
Upgrade to see
Score Distribution
Jump to the score distribution portion of the page
Score
0/89
Timer
15:00
0
Plays Today
English
French
% Correct
salary/
wages
le salaire
68.4%
candidate
la candidate
63.2%
factory
l'usine
63.2%
job
l'emploi
57.9%
career
la carrière
57.9%
plan, project
le projet
57.9%
presentation, appearance
la présentation
57.9%
cost
le coût
57.9%
model
le modèle
57.9%
to promote
promouvoir
57.9%
qualified
qualifié
57.9%
computer
l'ordinateur
57.9%
knowledge
la connaissance
52.6%
qualifications
les qualifications
52.6%
recruitment
le recrutement
52.6%
interview
l'entretien
52.6%
employee
l'employé
52.6%
employer
l'employeur
52.6%
bonus
la prime
52.6%
hours of work
les horaires
52.6%
offer
l'offre
52.6%
beginner
le débutant
52.6%
to interview
interviewer
52.6%
company
la compagnie
52.6%
director
le directeur
52.6%
boss
le patron
52.6%
worker
l'ouvrier
52.6%
product
le produit
52.6%
customer
le client
52.6%
bilingual
bilingue
52.6%
English
French
% Correct
fax machine
le télécopieur
52.6%
I.T.
l'informatique
52.6%
skills/
abilities
les capacités
47.4%
job, trade, profession
le métier
47.4%
job
le boulot
47.4%
appointment
le rendez-vous
47.4%
qualifications
les diplômes
47.4%
paid leave
le congé payé
47.4%
company
la société
47.4%
company, firm
l'entreprise
47.4%
managing director
le PDG
47.4%
owner
le propriétaire
47.4%
export
l'exportation
47.4%
business
les affaires
47.4%
profits
les bénéfices
47.4%
loss
la perte
47.4%
sale
la vente
47.4%
tax
l'impôt
47.4%
to aim at
viser
47.4%
qualified
diplômé
47.4%
photocopier
la photocopieuse
47.4%
software
le logiciel
47.4%
accounts
les comptes
47.4%
translation
la traduction
47.4%
qualifications
les titres
42.1%
job, position
le poste
42.1%
interview
l'entrevue
42.1%
salary
le traitement
42.1%
payment (of salary)
le versement
42.1%
flexitime
les heures flexibles
42.1%
English
French
% Correct
general education
la culture générale
42.1%
to apply (for)
poser sa candidature
42.1%
to invite (for an interview)
convoquer
42.1%
company
l'établissement
42.1%
management
la direction
42.1%
management
la gestion
42.1%
executive
le cadre
42.1%
workforce
la main-d'oeuvre
42.1%
headquarters
le siège social
42.1%
branch
la succursale
42.1%
import
l'importation
42.1%
goods
les marchandises
42.1%
costs, expenses
les frais
42.1%
trade
le commerce
42.1%
purchase
l'achat
42.1%
discount, reduction
le rabais
42.1%
range
la gamme
42.1%
to take on, hire
embaucher
42.1%
to get a job
être embauché
42.1%
promoted
promu
42.1%
experienced
expérimenté
42.1%
paid
rémunéré
42.1%
We'll let you know
On vous le fera savoir
42.1%
word processing
le traitement de texte
42.1%
hardware
le matériel
42.1%
microchip
la puce
42.1%
writing (of report)
la rédaction
42.1%
account, report
le compte rendu
42.1%
aim, purpose
l'objectif
36.8%
Quiz Playlist
Details
Report
Send in Message
Add To Playlist
Classic:
Type in answers that appear in a list
Forced Order:
Answers have to be entered in order
Random Order:
Randomize order of answers
Last Updated: Feb 16, 2017
Quiz Scoreboard
CHALLENGE
Sign Up to Join the Scoreboard
Show All
Scores
Hide
Comments
May contain spoilers
Recently Published
1-10 Letter E Words III
by El_Dandy
Language
2m
Street Fighter Characters
by Artimus82
Gaming
60s
College Basketball Coaching Resumes
by pancakes188
Sports
9m
More to Explore
Quiz From the Vault
Featured Blog Post
Where Did the Easter Bunny Come From?
hide this ad
You Might Also Like...
Tags
French Quiz
Employment
English
Today's Top Quizzes in Language
Browse Language
hide this ad
Today's Top Quizzes in French
Browse French
Top Contributed Quizzes in Language
1
1-10 Letter F Words III
2
1-10 Letter G Words III
3
1-10 Letter H Words III
4
Celtic Nations in their Language
5
Alphabetize! : 'As' words
6
1-10 Letter I Words III
7
One Thing in Common: Italy
8
1-10 Letter J Words III
9
Order Up: Top 10 Most Native Spoken Languages
10
Weisst du, aus welchen Sprachen diese Wörter stammen?
Explore More
Trending Topics
NBA
Disney
Crossword
Marvel
Anime
Harry Potter
Kpop
NFL
Soccer
WWE
Pokémon
Puzzle
Country
Song
The Office
hide this ad
More By:
NiallMcS
Quiz
Plays
Rating
Category
Featured
Created
Tom Cruise re-occurring themes
597
4.08
Movies
Sep 16, 2010
Tommy Lee Jones Speech in The Fugitive
545
4.00
Movies
Mar 15, 2011
Safe Cracker Last Five Champions- Non USA
279
4.00
Sports
Apr 25, 2011
Seven quiz
247
3.80
Miscellaneous
Mar 28, 2010
Sporting Records
227
4.67
Sports
Feb 25, 2011
Go to Creator's Profile
Score Distribution
Quiz Creator Spotlight
NiallMcS
Follow
Send a Message
Quizzes Created
-
Created Quiz Play Count
-
More By This Creator
Popular Quizzes Today
1
Find the US States - No Outlines Minefield
2
Find the Countries of Europe - No Outlines Minefield
3
The Countries of the World
4
Find the US States
5
Risky Map Clicking: Biggest States A-Z
6
US States
7
Popular People in 1961
8
Movies - When Are They Set?
More Language Quizzes
One-Minute Crossword XLIX
Published
Trending Quizzes
Risky Map Clicking: Least Populous States A-Z
1-10 Letter G Words
1-10 Letter F Words
Countries of the World: 200 Million BC
Risky Map Clicking: Next State Alphabetically
Recently Updated
Beyoncé Albums
pecheneg
Leaping Animals
pecheneg
Reality TV Shows (A-Z)
bhenderson79
Rickey Henderson's Hall of Fame Teammates
pecheneg
Champions League XIs: Arsenal
pecheneg
Quick Pick: Celebrities in WWE's Hall of Fame
aduchscher
A-Z Keypad Blitz II
pecheneg
Multiple Oscar Actors
pecheneg
Mystery Phrase Blitz: Oscar 'Best Actors'
pecheneg
F. Scott Fitzgerald Novels
LTH
Trending Topics
Anime
Disney
NBA
Harry Potter
Marvel
Crossword
Kpop
Soccer
Country
NFL
Pokémon
WWE
Song
The Office
Puzzle
Your Account Isn't Verified!
In order to create a playlist on Sporcle, you need to verify the email address you used during registration. Go to your
Sporcle Settings
to finish the process.
Report this User
Report this user for behavior that violates our
Community Guidelines
.
Details:
Send Report
Go to the Sporcle.com Mobile Site →
Comments